|
|
|
|
| LEADER |
00000nam0a2200000 4500 |
| 001 |
315377 |
| 005 |
20231102002755.0 |
| 010 |
|
|
|a 9785222253076
|
| 035 |
|
|
|a (RuTPU)RU\TPU\book\340812
|
| 090 |
|
|
|a 315377
|
| 100 |
|
|
|a 20160301d2016 m y0rusy50 ca
|
| 101 |
0 |
|
|a rus
|
| 102 |
|
|
|a RU
|
| 105 |
|
|
|a a j 001zy
|
| 200 |
1 |
|
|a Основы безопасности жизнедеятельности
|e учебное пособие для технических специальностей
|f Г. В. Пачурин [и др.]
|
| 210 |
|
|
|a Ростов-на-Дону
|c Феникс
|d 2016
|
| 215 |
|
|
|a 398 с.
|c ил.
|
| 225 |
1 |
|
|a Высшее образование
|
| 320 |
|
|
|a Библиогр.: с. 394-397
|
| 330 |
|
|
|a Настоящее учебное пособие написано на основе примерной программы дисциплины (курса) "Безопасность жизнедеятельности". Целью дисциплины "Безопасность жизнедеятельности" является формирование профессиональной культуры безопасности и приобретение знаний, умений и навыков для обеспечения безопасности в сфере профессиональной деятельности. При изучении дисциплины рассматриваются негативные факторы среды обитания, принципы обеспечения безопасности взаимодействия человека со средой обитания, рациональные с точки зрения безопасности условия деятельности. Рассмотрены последствия воздействия на человека вредных и опасных производственных факторов, принципы их идентификации и нормирования. Показаны современные способы и средства защиты от воздействия опасных и вредных производственных факторов. Данное пособие адресовано бакалаврам, магистрантам и студентам высших учебных заведений очной и заочной форм обучения по направлению подготовки 20.03.01 и 20.04.01 — "Техносферная безопасность", может оказаться полезным при подготовке студентов, обучающихся по всем направлениям высшего профессионального образования.
|
| 606 |
1 |
|
|a Безопасность жизнедеятельности
|2 stltpush
|3 (RuTPU)RU\TPU\subj\27856
|9 51540
|
| 610 |
1 |
|
|a теоретические основы
|
| 610 |
1 |
|
|a правовые вопросы
|
| 610 |
1 |
|
|a организационные вопросы
|
| 610 |
1 |
|
|a охрана труда
|
| 610 |
1 |
|
|a окружающая среда
|
| 610 |
1 |
|
|a микроклимат
|
| 610 |
1 |
|
|a параметры
|
| 610 |
1 |
|
|a нормирование
|
| 610 |
1 |
|
|a производственная вибрация
|
| 610 |
1 |
|
|a производственный шум
|
| 610 |
1 |
|
|a защита
|
| 610 |
1 |
|
|a электробезопасность
|
| 610 |
1 |
|
|a ионизирующие излучения
|
| 610 |
1 |
|
|a электромагнитные излучения
|
| 610 |
1 |
|
|a электромагнитные поля
|
| 610 |
1 |
|
|a оборудование
|
| 610 |
1 |
|
|a технологические процессы
|
| 610 |
1 |
|
|a здания
|
| 610 |
1 |
|
|a сооружения
|
| 610 |
1 |
|
|a пожарная безопасность
|
| 610 |
1 |
|
|a безотходные технологии
|
| 610 |
1 |
|
|a отходы
|
| 610 |
1 |
|
|a утилизация
|
| 610 |
1 |
|
|a экономические вопросы
|
| 610 |
1 |
|
|a учебные пособия
|
| 675 |
|
|
|a 614.8(075.8)
|v 4
|
| 701 |
|
1 |
|a Пачурин
|b Г. В.
|g Герман Васильевич
|
| 701 |
|
1 |
|a Елькин
|b А. Б.
|g Анатолий Борисович
|
| 701 |
|
1 |
|a Миндрин
|b В. И.
|g Владимир Иванович
|
| 701 |
|
1 |
|a Филиппов
|b А. А.
|g Алексей Александрович
|
| 801 |
|
1 |
|a RU
|b 63413507
|c 20160301
|
| 801 |
|
2 |
|a RU
|b 63413507
|c 20160608
|g RCR
|
| 900 |
|
|
|a Безопасность жизнедеятельности
|
| 942 |
|
|
|c BK
|
| 951 |
|
|
|l 8
|
| 959 |
|
|
|a 25/20160225
|d 5
|e 743,40
|f ЧЗТЛ:1
|f УФ:4
|